000 00880cam a2200253 a 4500
001 2486988
005 20180207032444.0
008 910516s1992 wiu b 001 0 eng
010 _a 91020991
020 _a0945612273 (cloth : alk. paper) :
_c29.95
020 _a0945612281 (paper : alk. paper) :
_c$15.95
040 _aDLC
_cDLC
_dDLC
041 _aeng
043 _an-us---
080 _a342.73085 BER
082 0 0 _a342.73085 BER
_a347.30285
_220
100 1 _a15
101 _aJUR
245 1 4 _aThe great rights of mankind :
_cBernard Schwartz.
504 _aIncludes bibliographical references (p. 269-294) and index.
906 _a7
_bcbc
_corignew
_d1
_eocip
_f19
_gy-gencatlg
942 _2ddc
_cBK
999 _c41964
_d41964